Datum a čas kvízu
22.5
Celkem bodů
Celkový počet nahraných bodů na tomto kvízu bez doplňovacích otázek.
9.
Pořadí na kvízu
Konečné umístění týmu na tomto kvízu.
Zaznamenané odpovědi
| # | Otázka | Odpověď | Body | Výsledky |
|---|---|---|---|---|
| 1. | Do aplikace eRecept přibyla od... | ověření dostupnosti předepsaného léku | 0 | |
| 2. | Kolumbijský parlament odhlasov... | D) býčích zápasů | 0 | |
| 3. | Jednu miliardu dolarů. Tolik j... | Queen | 1 | |
| 4. | Kvůli nařízení Evropské unie t... | Alfa Romeo | 1 | |
| 5. | V pátek proběhlo slavnostní vy... | Král bílé stopy, Ester Ledecká | 1 | |
| 6. | Kterým výrazem na písmeno M se... | mixologie | 0 | |
| 7. | Ernest Hemingway měl údajně v... | Daiquiri | 0 | |
| 8. | Oblíbenou složkou míchaných ná... | z pomerančů | 1 | |
| 9. | Hlavní hrdina filmu Big Lebows... | White Russian (Bílý Rus, Bílý medvěd) | 1 | |
| 10. | V poslední otázce se podíváme... | vaječný likér; griotku | 1 |